<?xml version="1.0" encoding="UTF-8"?><?xml-stylesheet type="text/xsl" href="static/style.xsl"?><OAI-PMH xmlns="http://www.openarchives.org/OAI/2.0/" xmlns:xsi="http://www.w3.org/2001/XMLSchema-instance" xsi:schemaLocation="http://www.openarchives.org/OAI/2.0/ http://www.openarchives.org/OAI/2.0/OAI-PMH.xsd"><responseDate>2026-04-14T19:49:43Z</responseDate><request verb="GetRecord" identifier="oai:uvadoc.uva.es:10324/57713" metadataPrefix="marc">https://uvadoc.uva.es/oai/request</request><GetRecord><record><header><identifier>oai:uvadoc.uva.es:10324/57713</identifier><datestamp>2022-12-12T20:05:32Z</datestamp><setSpec>com_10324_38</setSpec><setSpec>col_10324_852</setSpec></header><metadata><record xmlns="http://www.loc.gov/MARC21/slim" xmlns:doc="http://www.lyncode.com/xoai" xmlns:xsi="http://www.w3.org/2001/XMLSchema-instance" xmlns:dcterms="http://purl.org/dc/terms/" xsi:schemaLocation="http://www.loc.gov/MARC21/slim http://www.loc.gov/standards/marcxml/schema/MARC21slim.xsd">
<leader>00925njm 22002777a 4500</leader>
<datafield tag="042" ind1=" " ind2=" ">
<subfield code="a">dc</subfield>
</datafield>
<datafield tag="720" ind1=" " ind2=" ">
<subfield code="a">Velicia García, Silvia</subfield>
<subfield code="e">author</subfield>
</datafield>
<datafield tag="260" ind1=" " ind2=" ">
<subfield code="c">2022</subfield>
</datafield>
<datafield tag="520" ind1=" " ind2=" ">
<subfield code="a">Este trabajo tiene como objetivo iniciar al alumnado de Educación Primaria en el método científico. Tiene, por lo tanto, la intención de contribuir al desarrollo del pensamiento crítico y a la construcción del propio aprendizaje basado en la observación, la acción y la reflexión. En este documento se plantea una propuesta didáctica siguiendo la metodología AICLE, para trabajar Ciencias Experimentales en lengua inglesa. El tema tratado en esta propuesta se enfoca al conocimiento del mundo vegetal, que se conecta con los Objetivos 2030 de Desarrollo Sostenible, especialmente con los objetivos 15 y 13.</subfield>
</datafield>
<datafield tag="024" ind2=" " ind1="8">
<subfield code="a">https://uvadoc.uva.es/handle/10324/57713</subfield>
</datafield>
<datafield tag="245" ind1="0" ind2="0">
<subfield code="a">Primeros pasos para la introducción del método científico en un centro con metodología AICLE</subfield>
</datafield>
</record></metadata></record></GetRecord></OAI-PMH>